000 00730nam a2200265Ia 4500
003 OSt
005 20221006150938.0
006 a|||||r|||| 00| 0
007 ta
008 221006b |||||||| |||| 00| 0 jpn d
020 _c¥2800
024 _a20,305
037 _bGift, Japan Foundation
_cTextual
040 _aEASL
_cEASL
_bjpn
041 _2jpn
_ajpn
082 _aXv42.N5, L6.2
100 _aANDO Yoshio Ed.
_9657996
245 0 _aNihon keizai seisaku shiron. V 2
260 _aTokyo
_bTokyo Daigaku Shuppan Kai Japan
_c1976
300 _a393p.
_ccm.
490 _v JL
650 _aJL
942 _hXv42.N5, L6.2
_cTEXL
_2CC
999 _c1088391
_d1088391